000 00949nam a2200241 a 4500
001 BRCA_9150
005 20190320210534.0
008 231018s2018----gt-a######---#000-0#spa-#
020 _a9789929738737
041 _aspa
044 _agt
050 4 _aNK7118
_b.M96 2018
100 1 _aMuñoz Paz, María del Carmen
_922562
245 1 0 _aEl Obrador de Blas de Abila. Maestro platero del siglo XVIII en Santiago de Guatemala
_cMaría del Carmen Muñoz Paz.
260 _aGuatemala
_bUniversidad de San Carlos de Guatemala, Dirección General de Investigación, Centro de Estudios Urbanos y Regionales
_c2018
300 _axv, 107 p.
_bil. (algunas a color)
_c23 cm.
504 _aBibliografía : p. 104-107
650 1 4 _aTrabajos en plata
_ySiglo XVIII
_922563
650 1 4 _aplatería colonial
_922564
650 1 4 _aMaestros plateros
_ySiglo XVIII
_zGuatemala
_922565
650 1 4 _aPlatería religiosa
_ySiglo XVIII
_zGuatemala
_922566
942 _2lcc
_cB
999 _c8797
_d8797